000 00566nam a2200241 a 4500
001 nice12345678
003 IN_TiNIC
005 20260116011338.0
008 050524s1951 newa grp 000 0 eng
020 _a
_c100
082 0 0 _a070.4
_bWAR
100 _aWarren, Carl
245 _aModern News Reporting
260 _aNew York
_bHarper and Row
_c1951
300 _a498p
500 _aincludes index and biblioraphy
505 2 _aIndex
650 _aJournalism-Netherlands
700 1 _aWarren, Carl
902 _bSRS
942 _cBK
999 _c705
_d705